The Armenian file : (Kayıt no. 10298)

MARC ayrıntıları
000 -BAŞLIK
Sabit Uzunluktaki Kontrol Alanı 01021nam a22002537a 4500
003 - KONTROL NUMARASI KİMLİĞİ
Kontrol Alanı KOHA_MİRAKIL
005 - EN SON İŞLEM TARİHİ ve ZAMANI
Kontrol Alanı 20260420104547.0
008 - SABİT UZUNLUKTAKİ VERİ ÖGELERİ - GENEL BİLGİ
Sabit Alan 260420b tu ||||| |||| 00| 0 tur d
020 ## - ISBN - ULUSLARARASI STANDART KİTAP NUMARASI
Isbn 9789944881821
040 ## - KATALOGLAMA KAYNAĞI
Özgün Kataloglama Kurumu TR-AnABB
Kataloglama Dili tur
Çeviri Kurumu TR-AnABB
041 ## - DİL KODU
Metin ya da ses kaydının dil kodu tur
082 ## - DEWEY ONU SINIFLAMA SİSTEMİ
Sınıflama Numarası 956.102
Cutter numarası GUR 2007
100 1# - KİŞİ ADI
Yazar Adı (Kişi adı) Gürün, Kamuran
245 14 - ESER ADI BİLDİRİMİ
Başlık The Armenian file :
Alt Eseradı vb. the myth of innocence exposed /
Sorumluluk Bildirimi Kamuran Gürün
260 ## - YAYIN, DAĞITIM, VB.
Yayın Yeri İstanbul :
Yayınevi Türkiye İş Bankası Yayınları,
Yayın Tarihi 2007
300 ## - FİZİKSEL TANIMLAMA
Sayfa, Cilt vb. 412 sayfa ;
Boyutları 20 cm
490 0# - DİZİ BİLDİRİMİ
Dizi Bildirimi Türkiye İş Bankası ;
Cilt Numarası Genel Yayın: 1312
500 ## - GENEL NOT
Genel Not Dizin vardır
504 ## - BİBLİYOGRAFİ NOTU
Bibliyografi Notu Kaynakça 401-404 sayfaları arasındadır.
505 ## - İÇİNDEKİLER NOTU
İçindekiler Notu İçindekiler: Armenia and the Armanieans - The origins of the Armenian question - The Armenians in the Ottoman Empire and the policies of the great powers - The Armenian questions - The First World War - The War of Independence
650 04 - KONU BAŞLIĞI EK GİRİŞ - KONU TERİMİ
Konusal terim veya coğrafi ad Tarih, Türkiye
650 04 - KONU BAŞLIĞI EK GİRİŞ - KONU TERİMİ
Konusal terim veya coğrafi ad Tarih, Ermeni sorunu
942 ## - EK GİRİŞ ÖGELERİ (KOHA)
Sınıflama Kaynağı Dewey Decimal Classification
Materyal Türü Kitap
900 ## - YEREL BİLGİ
Kontrol Can ÇELIK
Mevcut
Geri Çekilme Durumu Kayıp Durumu Sınıflandırma Kaynağı Kredi için değil Kalıcı Konum Mevcut Konum Kayıt Tarih Toplam Ödünçverme Yer Numarası Demirbaş Numarası Son Görülme Tarihi Fatura Tarihi Materyal Türü
    Dewey Decimal Classification   Prof. Dr. Ruşen Keleş Kütüphanesi Prof. Dr. Ruşen Keleş Kütüphanesi 20/04/2026   956.102 GUR 2007 RK7189 20/04/2026 20/04/2026 Kitap